| Tag |
First Indicator |
Second Indicator |
Subfields |
| LEADER |
00000cam a2200000 a 4500 |
| 001 |
in00000098557 |
| 005 |
20150924085813.0 |
| 008 |
821124r1976 miu b 00010 eng d |
| 035 |
|
|
|a (OCoLC)08988527
|
| 035 |
|
|
|9 AAK9659AM
|
| 040 |
|
|
|a TXA
|c TXA
|d UtOrBLW
|
| 043 |
|
|
|a n-us---
|a e-uk---
|
| 049 |
|
|
|a TXAM
|c [386518]
|
| 090 |
|
|
|a PN3171
|b S3 1976a
|
| 100 |
1 |
|
|a Sarason, Kerin R.
|
| 245 |
1 |
2 |
|a A comparative history of the development of improvisation in the teaching of English in the United States and in the United Kingdom from 1910- 1975 /
|c Kerin R. Sarason.
|
| 264 |
|
1 |
|a [Place of publication not identified] :
|b [publisher not identified] ;
|c 1976.
|
| 300 |
|
|
|a 3, vi, 283 leaves
|
| 336 |
|
|
|a text
|b txt
|2 rdacontent
|
| 337 |
|
|
|a unmediated
|b n
|2 rdamedia
|
| 338 |
|
|
|a volume
|b nc
|2 rdacarrier
|
| 500 |
|
|
|a Photocopy of typescript. Ann Arbor, Mich. : University Microfilms International, 1979. 21 cm.
|
| 502 |
|
|
|b Ph. D.
|c University of Connecticut
|d 1976.
|
| 504 |
|
|
|a Bibliography: leaves 274-283.
|
| 650 |
|
0 |
|a Drama in education.
|
| 650 |
|
0 |
|a Improvisation (Acting)
|
| 650 |
|
0 |
|a Drama
|x Study and teaching.
|
| 650 |
|
0 |
|a English literature
|x Study and teaching.
|
| 999 |
|
|
|a MARS
|
| 999 |
f |
f |
|s 80eeb86b-243e-3d54-b4a4-a44445431954
|i 0d38be80-d7fa-30e7-be23-26d10aa24638
|t 0
|
| 952 |
f |
f |
|p ric
|a Texas A&M University
|b Rellis Campus
|c Joint Library Facility
|d Remote Storage
|t 0
|e PN3171 S3 1976a
|h Library of Congress classification
|i unmediated -- volume
|m A14806026970
|
| 998 |
f |
f |
|a PN3171 S3 1976a
|t 0
|l Remote Storage
|